LIBRARY & INFORMATION CENTRE, KCAET, TAVANUR

ONLINE PUBLIC ACCESS CATALOGUE (OPAC)

Industrial organisation and management (Record no. 23)

MARC details
000 -LEADER
fixed length control field 00742cam a2200277ua 4500
041 ## - LANGUAGE CODE
Language code of text/sound track or separate title eng
082 ## - DEWEY DECIMAL CLASSIFICATION NUMBER
Classification number 658.501
Item number BET/IN
100 ## - MAIN ENTRY--AUTHOR NAME
Personal name Lawrence, Bethel l .
245 ## - TITLE STATEMENT
Title Industrial organisation and management
250 ## - EDITION STATEMENT
Edition statement 4 /
260 ## - PUBLICATION, DISTRIBUTION, ETC. (IMPRINT)
Place of publication Tokyo :
Name of publisher Tosho Printing Co.Ltd ,
Year of publication 1962.
300 ## - PHYSICAL DESCRIPTION
Number of Pages 704 ; .
650 ## - SUBJECT ADDED ENTRY--TOPICAL TERM
Topical Term American Industry
650 ## - SUBJECT ADDED ENTRY--TOPICAL TERM
Topical Term Internal organization
650 ## - SUBJECT ADDED ENTRY--TOPICAL TERM
Topical Term Internal organization
700 1# - ADDED ENTRY--PERSONAL NAME
Personal name Frantlin, Atwater S .
700 1# - ADDED ENTRY--PERSONAL NAME
Personal name George, Smith E .
700 1# - ADDED ENTRY--PERSONAL NAME
Personal name Harvey, Stackman A .
942 ## - ADDED ENTRY ELEMENTS (KOHA)
Koha item type Books
003 - CONTROL NUMBER IDENTIFIER
control field @
003 - CONTROL NUMBER IDENTIFIER
control field OSt
Holdings
Withdrawn status Lost status Damaged status Home library Current library Date acquired Full call number Accession Number Koha item type
      KAUAET KAUAET 07/04/2012 658.501 BET/IN 9751 Books
free website counter